000 00220nam a22000857a 4500
008 170228b xxu||||| |||| 00| 0 eng d
100 _92954
_aAggarwal.A.
245 _aLab Manual- Mathematics-IX
260 _aNew delhi
_bAPC
_c2009
999 _c6198
_d6198